00632nam a22002177a 450000500170000001000150001702000270003203500140005903700100007308200140008324500900009725000060018726000460019327000500023930000230028949000060031270000360031870000260035470000280038076000060040820250902164603.0 aENG-146573 a9789349042728c1495.00 aEN-130105 bDBAD  a343.0121 aForces Law Review/cEdited By Franklin D Rosenblatt; Shruti Bedi [and] Navdeep Singh  a1 aChandigarhbJGS Enterprises Pvt Ltdc2025 aSCO 14-15, FF, Sector 8-CbChandigarhk160009 ax, 488p.c23cm(hb) v1 aRosenblatt, Franklin D eEditor aBedi, Shruti eEditor a Navdeep Singh eEditor b1